书目信息 |
| 题名: |
中国“66号公路”
|
|
| 作者: | 任亮, 主编 | |
| 分册: | ||
| 出版信息: | 北京 中国经济出版社 2017.12 |
|
| 页数: | 340页 | |
| 开本: | 26cm | |
| 丛书名: | ||
| 单 册: | ||
| 中图分类: | S812.6 , F592.722.4 | |
| 科图分类: | ||
| 主题词: | 草原保护--cao yuan bao hu--生态环境保护--研究--张北县 , 草原--cao yuan--旅游经济--经济发展--研究--张北县 | |
| 电子资源: | ||
| ISBN: | 978-7-5136-5012-0 | |
| 000 | 01559nam0 2200301 450 | |
| 001 | 0100010165 | |
| 005 | 20190905093951.0 | |
| 010 | @a978-7-5136-5012-0@dCNY128.00 | |
| 100 | @a20190831d2017 em y0chiy50 ea | |
| 101 | 0 | @achi |
| 102 | @aCN@b110000 | |
| 105 | @aabk a 000yy | |
| 106 | @ar | |
| 200 | 1 | @a中国“66号公路”@Azhong guo “66 hao gong lu ”@e草原天路生态保护与旅游发展研究@d= Route 66 in China@eresearch on the ecological protection and tourism development of the grassland sky route in China@f任亮主编@zeng |
| 210 | @a北京@c中国经济出版社@d2017.12 | |
| 215 | @a340页@c图 (部分彩图) , 地图@d26cm | |
| 300 | @a河北省高等学校人文社会科学重点研究基地 (河北北方学院生态建设与产业发展研究中心) 和河北省教育厅人文社会科学研究重大课题攻关项目 (ZD201606) 等资助 | |
| 320 | @a有书目 | |
| 330 | @a本书作者深入开展草原天路及其区域生态资源的调查研究, 从草原天路的自然环境、生态资源、文化资源、旅游发展、景区管理等方面进行分析, 力图准确把握区域发展定位, 科学规划未来发展, 推动区域经济社会更好发展。 | |
| 510 | 1 | @aRoute 66 in China@eresearch on the ecological protection and tourism development of the grassland sky route in China@zeng |
| 517 | 1 | @a草原天路生态保护与旅游发展研究@Acao yuan tian lu sheng tai bao hu yu lu^ you fa zhan yan jiu |
| 606 | 0 | @a草原保护@Acao yuan bao hu@x生态环境保护@x研究@y张北县 |
| 606 | 0 | @a草原@Acao yuan@x旅游经济@x经济发展@x研究@y张北县 |
| 690 | @aS812.6@v5 | |
| 690 | @aF592.722.4@v5 | |
| 701 | 0 | @a任亮,@Aren liang@f1963-@4主编 |
| 801 | 0 | @aCN@c20190905 |
| 905 | @a河南城建学院图书馆@dS812.6@eR502 | |
| 中国“66号公路”:草原天路生态保护与旅游发展研究= Route 66 in China:research on the ecological protection and tourism development of the grassland sky route in China/任亮主编.-北京:中国经济出版社,2017.12 |
| 340页:图 (部分彩图) , 地图;26cm |
| 河北省高等学校人文社会科学重点研究基地 (河北北方学院生态建设与产业发展研究中心) 和河北省教育厅人文社会科学研究重大课题攻关项目 (ZD201606) 等资助 |
| ISBN 978-7-5136-5012-0:CNY128.00 |
| 本书作者深入开展草原天路及其区域生态资源的调查研究, 从草原天路的自然环境、生态资源、文化资源、旅游发展、景区管理等方面进行分析, 力图准确把握区域发展定位, 科学规划未来发展, 推动区域经济社会更好发展。 |
| ● |
| 相关链接 |
|
|
|
正题名:中国"66号公路"
索取号:S812.6/R502
 
预约/预借
| 序号 | 登录号 | 条形码 | 馆藏地/架位号 | 状态 | 备注 |
| 1 | 1437660 | 214376600 | 自科库401/401自科库 1排4列2层/ [索取号:S812.6/R502] | 在馆 |